00862nam a2200289Ia 4500001000700000003000500007008004100012010001100053040000900064082001500073100002900088245011600117260003500233300001100268440000500279500000500284503000500289650004300294650007500337901001500412902000600427910000900433942000600442942000700448999001900455952009800474Z_4607CHAP220113s1980 xx 000 0 und d a167682 cCHAP a378.242 K4 aKeithley, Erwin M962914 aManual para la elaboración de tesis, monografías e informes /cpor Erwin M Keithley y Philip J. Schreiner aGlenview, Il. :bScott,c1980 a107 p. a a a aInvestigaciónxMetodología 960237 atrabajos científicosxElaboración I. Schereiner, Philip J.9141954 a378.242 K4 aA a1980 c1 cc1 c167682d167682 00102ddc40708GRALaZbZc1d2005-11-09pz_5126r2022-01-18 00:00:00t1w2022-01-18yLIBRO